| 000 | 00374nam a22001577a 4500 | ||
|---|---|---|---|
| 020 | _a0439954703 | ||
| 082 |
_a823 _bCOL/E |
||
| 100 | _aCOLEMAN, MICHAEL | ||
| 245 |
_aENGLAND _bALL THE FOUL FACTS |
||
| 246 |
_aENGLAND _bALL THE FOUL FACTS |
||
| 260 |
_aUK _bSCHOLASTIC LIMITED _c2006 |
||
| 300 | _a169 | ||
| 520 | _aFOOTBALL STORY | ||
| 650 | _aFOOTBALL STORY | ||
| 942 | _cBK | ||
| 999 |
_c2156 _d2156 |
||